000 00350nam a22001217a 4500
008 160422b xxu||||| |||| 00| 0 eng d
020 _a9780323012126
020 _a0323012124
041 _aeng
080 _a618.0
245 _aNursing diagnoses outcomes interventions:
_cMarion Johnson; Gloria Bulechek; Joanne MeCLoskey Dochterman;
942 _2udc
_cBK
999 _c1509
_d1509